[Event "ISR-ch (Women)"]
[Site "Jerusalem"]
[Date "2021.03.12"]
[Round "6"]
[White "Katkov, Michelle"]
[Black "Lian, Marina"]
[Result "1-0"]
[WhiteElo "2078"]
[BlackElo "1870"]
[PlyCount "55"]
[EventDate "2021.03.07"]
[EventType "swiss"]
[EventRounds "9"]
[EventCountry "ISR"]
[SourceTitle "CBM 201 Extra"]
[Source "ChessBase"]
[SourceDate "2021.05.31"]
[SourceVersion "1"]
[SourceVersionDate "2021.05.31"]
[SourceQuality "1"]

1. e4 e6 2. d4 d5 3. Nd2 c5 4. exd5 Qxd5 5. Ngf3 cxd4 6. Bc4 Qd8 7. 0-0 a6 8. Nb3 Nc6 9. Nbxd4 Nxd4 10. Nxd4 Qc7 11. Bb3 Bd6 12. Re1 Ne7 13. Qh5 0-0 14. c3 Bd7 15. Bc2 Ng6 16. Be3 Rad8 17. Nf3 Bf4 18. Ng5 Bxg5 19. Bxg5 f6 20. Be3 f5 21. Bb3 Kh8 22. Bg5 Rde8 23. Rad1 e5 24. Re3 f4 25. Rxd7 Qxd7 26. Rh3 h6 27. Bxh6 Qf5 28. Bg5# 1-0

[Event "EU-Cup (Women) 24th"]
[Site "Ulcinj"]
[Date "2019.11.15"]
[Round "6.6"]
[White "Lian, Marina"]
[Black "Blagojevic, Tijana"]
[Result "0-1"]
[WhiteElo "1855"]
[BlackElo "2169"]
[PlyCount "106"]
[EventDate "2019.11.10"]
[EventType "team-swiss"]
[EventRounds "7"]
[EventCountry "MNE"]
[SourceTitle "CBM 193 Extra"]
[Source "ChessBase"]
[SourceDate "2020.01.31"]
[SourceVersion "1"]
[SourceVersionDate "2020.01.31"]
[SourceQuality "1"]
[WhiteTeam "Herzliya (W)"]
[BlackTeam "Jelica (W)"]
[WhiteTeamCountry "ISR"]
[BlackTeamCountry "SRB"]

1. e4 c5 2. Nc3 d6 3. f4 g6 4. Nf3 Bg7 5. Bc4 Nc6 6. 0-0 e6 7. d3 Nge7 8. Qe1 0-0 9. f5 d5 10. Bb3 gxf5 11. exd5 exd5 12. Qh4 Be6 13. Ng5 h6 14. Nxe6 fxe6 15. Bxh6 Ng6 16. Qh5 Qh4 17. Qxh4 Nxh4 18. Bxg7 Kxg7 19. Rae1 Kf6 20. Ne2 Ng6 21. g4 Kg5 22. gxf5 Rxf5 23. Rxf5+ Kxf5 24. Rf1+ Kg5 25. Rf7 b5 26. a4 c4 27. Ba2 bxa4 28. Rc7 cxd3 29. cxd3 Nce5 30. d4 Nf3+ 31. Kg2 Nfh4+ 32. Kg1 Rb8 33. Rc2 Nf3+ 34. Kf2 Nxh2 35. Nc3 Ng4+ 36. Ke1 Rh8 37. Nxa4 Rh1+ 38. Kd2 Nf4 39. Kc3 a5 40. Rd2 Ne3 41. b3 Nf5 42. Nc5 Nd6 43. b4 Rh3+ 44. Kc2 axb4 45. Nxe6+ Nxe6 46. Bxd5 Nf4 47. Bg8 Ne4 48. Rd1 Rc3+ 49. Kb2 Nd3+ 50. Kb1 b3 51. d5 Rc1+ 52. Rxc1 Nd2+ 53. Ka1 b2+ 0-1

[Event "EU-Cup (Women) 24th"]
[Site "Ulcinj"]
[Date "2019.11.10"]
[Round "1.7"]
[White "Rodshtein, Tereza"]
[Black "Lian, Marina"]
[Result "1-0"]
[WhiteElo "2195"]
[BlackElo "1855"]
[PlyCount "67"]
[EventDate "2019.11.10"]
[EventType "team-swiss"]
[EventRounds "7"]
[EventCountry "MNE"]
[SourceTitle "CBM 193 Extra"]
[Source "ChessBase"]
[SourceDate "2020.01.31"]
[SourceVersion "1"]
[SourceVersionDate "2020.01.31"]
[SourceQuality "1"]
[WhiteTeam "Novy Bor (W)"]
[BlackTeam "Herzliya (W)"]
[WhiteTeamCountry "CZE"]
[BlackTeamCountry "ISR"]

1. e4 e6 2. d3 d5 3. Nd2 c5 4. Ngf3 Nc6 5. g3 g6 6. Bg2 Bg7 7. 0-0 Nge7 8. Re1 b6 9. c3 h6 10. Qc2 Qc7 11. Nf1 Bb7 12. Rb1 a5 13. Be3 e5 14. Bd2 d4 15. cxd4 exd4 16. a3 a4 17. h4 f6 18. N1h2 Bc8 19. Bf4 Qd8 20. e5 Kf8 21. exf6 Bxf6 22. Ne5 Bb7 23. Nhg4 Nxe5 24. Bxe5 Bxe5 25. Bxb7 Ra7 26. Nxe5 Rxb7 27. Qc4 Rh7 28. Qe6 Rg7 29. Re4 Qd5 30. Rf4+ Ke8 31. Qf6 Qg8 32. Re1 g5 33. Rf3 gxh4 34. Ng6 1-0

[Event "EU-Cup (Women) 20th"]
[Site "Skopje"]
[Date "2015.10.21"]
[Round "4.4"]
[White "Lian, Marina"]
[Black "Edakina, Anastasia"]
[Result "1/2-1/2"]
[WhiteElo "1858"]
[BlackElo "1736"]
[PlyCount "123"]
[EventDate "2015.10.18"]
[EventType "team-swiss"]
[EventRounds "7"]
[EventCountry "MKD"]
[SourceTitle "CBM 168 Extra"]
[Source "ChessBase"]
[SourceDate "2015.10.29"]
[SourceVersion "1"]
[SourceVersionDate "2015.10.29"]
[SourceQuality "1"]
[WhiteTeam "Herzliya (W)"]
[BlackTeam "Oslo Schakselskap (W)"]
[WhiteTeamCountry "ISR"]
[BlackTeamCountry "NOR"]

1. e4 c5 2. Nc3 Nc6 3. f4 g6 4. Nf3 Bg7 5. Bc4 e6 6. 0-0 Nge7 7. d3 d5 8. Bb3 a6 9. f5 dxe4 10. f6 Bxf6 11. Nxe4 Bd4+ 12. Kh1 Nf5 13. Bg5 Qc7 14. Nxd4 Ncxd4 15. Nf6+ Kf8 16. Qd2 h6 17. Be3 Nxb3 18. axb3 Nxe3 19. Qxe3 b6 20. Ng4 Kg7 21. Rf6 Bd7 22. Raf1 Raf8 23. Ne5 Be8 24. d4 cxd4 25. Qxd4 Qc5 26. Qxc5 bxc5 27. Nd3 Bb5 28. c4 Bd7 29. Nxc5 Bc8 30. Nd3 Rh7 31. Ne5 Kg8 32. Nxg6 Rd8 33. Ne7+ Kf8 34. Nxc8 Rxc8 35. g3 Ke7 36. Kg2 Rc5 37. R1f3 Re5 38. Kf2 h5 39. b4 Re4 40. R6f4 Rxf4 41. Rxf4 e5 42. Rh4 f5 43. Ke3 Kd6 44. Kd3 Kc6 45. b3 Rd7+ 46. Kc3 Rh7 47. Kd3 Rd7+ 48. Ke3 Rh7 49. h3 Rg7 50. Kf3 e4+ 51. Kf4 Re7 52. Ke3 Rg7 53. g4 fxg4 54. hxg4 hxg4 55. Kxe4 g3 56. Rh6+ Kb7 57. Rh1 g2 58. Rg1 Rg3 59. Kd4 Kc6 60. b5+ axb5 61. cxb5+ Kxb5 62. Ke4 1/2-1/2

[Event "EU-Cup (Women) 19th"]
[Site "Bilbao"]
[Date "2014.09.19"]
[Round "6.1"]
[White "Kashlinskaya, Alina"]
[Black "Lian, Marina"]
[Result "1-0"]
[WhiteElo "2433"]
[BlackElo "1871"]
[PlyCount "87"]
[EventDate "2014.09.14"]
[EventType "team-swiss"]
[EventRounds "7"]
[EventCountry "ESP"]
[SourceTitle "CBM 162 Extra"]
[Source "ChessBase"]
[SourceDate "2014.10.17"]
[SourceVersion "1"]
[SourceVersionDate "2014.10.17"]
[SourceQuality "1"]
[WhiteTeam "SHSM (W)"]
[BlackTeam "Herzliya (W)"]
[WhiteTeamCountry "RUS"]
[BlackTeamCountry "ISR"]

1. d4 Nf6 2. c4 e6 3. Nc3 Bb4 4. e3 b6 5. Nge2 Ne4 6. Qc2 Bb7 7. a3 Bxc3+ 8. Nxc3 f5 9. d5 Qf6 10. Nxe4 fxe4 11. Qxe4 0-0 12. f3 Na6 13. Bd3 g6 14. Qd4 Nc5 15. Bc2 Qg5 16. 0-0 exd5 17. e4 Ne6 18. Qd1 Nf4 19. Bxf4 Rxf4 20. cxd5 h5 21. Rc1 d6 22. Bd3 Rf7 23. Rc3 Raf8 24. Qc1 Qe7 25. Qh6 Qf6 26. Rfc1 Rh7 27. Qe3 Rff7 28. Bc4 Kh8 29. Ba2 Qe5 30. R3c2 Kg8 31. Qc3 Qf4 32. e5 g5 33. e6 Re7 34. Qd3 g4 35. Qd2 Qe5 36. f4 Qf5 37. Rc3 Rhg7 38. Rd1 h4 39. Bb1 Qf6 40. Qd4 Qf8 41. f5 Rg5 42. f6 Rxd5 43. Qxg4+ Rg7 44. f7+ 1-0

[Event "ISR-ch (Women)"]
[Site "Acre"]
[Date "2013.04.06"]
[Round "1"]
[White "Lian, Marina"]
[Black "Bejashvili, Irma"]
[Result "0-1"]
[WhiteElo "1874"]
[BlackElo "1876"]
[PlyCount "102"]
[EventDate "2013.04.06"]
[EventType "swiss"]
[EventRounds "9"]
[EventCountry "ISR"]
[SourceTitle "CBM 153 Extra"]
[Source "ChessBase"]
[SourceDate "2013.04.22"]
[SourceVersion "1"]
[SourceVersionDate "2013.04.22"]
[SourceQuality "1"]

1. e4 c5 2. Nc3 Nc6 3. f4 e6 4. Bc4 Nge7 5. d3 d5 6. Bb3 dxe4 7. dxe4 Qxd1+ 8. Nxd1 Nd4 9. Nf3 Nxf3+ 10. gxf3 Bd7 11. Be3 Rc8 12. c4 Ng6 13. Nf2 Bd6 14. Nd3 b6 15. 0-0-0 Ke7 16. Rhg1 Rhg8 17. Rd2 Nh4 18. Bd1 Ng6 19. Rdg2 Rge8 20. h4 h5 21. Rg5 Rh8 22. Be2 Nxh4 23. Ne5 Bxe5 24. fxe5 Ng6 25. f4 h4 26. f5 exf5 27. exf5 Nxe5 28. Rxg7 Bxf5 29. R7g5 Ke6 30. Bf4 f6 31. Rg7 Nd3+ 32. Bxd3 Bxd3 33. b3 a6 34. Rd1 Be4 35. Rd6+ Kf5 36. Bh2 Rc6 37. Rd1 Rh5 38. Rf1+ Ke6 39. Kd2 Rg5 40. Ra7 Rg2+ 41. Ke3 Rxh2 42. Kxe4 Rxa2 43. Kf4 Re2 44. Rxa6 Rd6 45. Kf3 Re5 46. Kg2 Re3 47. Ra2 Rdd3 48. Rf4 h3+ 49. Kh2 Rg3 50. Re2+ Rde3 51. Ref2 Rg2+ 0-1

[Event "EU-Cup (Women) 13th"]
[Site "Kallithea"]
[Date "2008.10.22"]
[Round "6"]
[White "Fischer, Julie"]
[Black "Lian, Marina"]
[Result "0-1"]
[WhiteElo "1664"]
[BlackElo "1869"]
[PlyCount "78"]
[EventDate "2008.10.17"]
[EventType "team-swiss"]
[EventRounds "7"]
[EventCountry "GRE"]
[SourceTitle "CBM 126 Extra"]
[Source "ChessBase"]
[SourceDate "2008.11.05"]
[SourceVersion "1"]
[SourceVersionDate "2008.11.05"]
[SourceQuality "1"]
[WhiteTeam "Bischwiller (W)"]
[BlackTeam "Herzliya (W)"]
[WhiteTeamCountry "FRA"]
[BlackTeamCountry "ISR"]

1. e4 e6 2. d4 d5 3. e5 c5 4. c3 Nc6 5. Nf3 Qb6 6. Be2 Nh6 7. Bxh6 gxh6 8. Qd2 Bg7 9. 0-0 0-0 10. Na3 cxd4 11. cxd4 f6 12. b3 fxe5 13. dxe5 Nxe5 14. Rad1 Nxf3+ 15. Bxf3 Bd7 16. Rfe1 Rf7 17. Bh5 Rf5 18. Bf3 Raf8 19. Re2 Rf4 20. Rf1 Kh8 21. h3 Qd6 22. Nc2 Bb5 23. Bg4 Bxe2 24. Qxe2 e5 25. Qb5 Qc6 26. Qd3 e4 27. Qd2 Qc3 28. Qd1 d4 29. g3 R4f7 30. Bh5 Rf5 31. Bg4 Rc5 32. Ne1 e3 33. fxe3 Qxe3+ 34. Kg2 Rxf1 35. Kxf1 Qxg3 36. Qe2 Qe3 37. Qxe3 dxe3 38. Ke2 Re5 39. Bf3 Bf6 0-1

[Event "EU-Cup (Women) 13th"]
[Site "Kallithea"]
[Date "2008.10.20"]
[Round "4"]
[White "Lian, Marina"]
[Black "Vujic Katanic, Branka"]
[Result "0-1"]
[WhiteElo "1869"]
[BlackElo "2107"]
[PlyCount "118"]
[EventDate "2008.10.17"]
[EventType "team-swiss"]
[EventRounds "7"]
[EventCountry "GRE"]
[SourceTitle "CBM 126 Extra"]
[Source "ChessBase"]
[SourceDate "2008.11.05"]
[SourceVersion "1"]
[SourceVersionDate "2008.11.05"]
[SourceQuality "1"]
[WhiteTeam "Herzliya (W)"]
[BlackTeam "Ugljevik Rudar (W)"]
[WhiteTeamCountry "ISR"]
[BlackTeamCountry "BIH"]

1. e4 e6 2. d4 c5 3. d5 Nf6 4. Bg5 Qa5+ 5. Qd2 Qxd2+ 6. Nxd2 Be7 7. Bxf6 Bxf6 8. 0-0-0 exd5 9. exd5 d6 10. Re1+ Kd8 11. Ne4 Be7 12. Nf3 h6 13. Nfd2 Bf5 14. Bd3 Bxe4 15. Rxe4 Nd7 16. Rhe1 Ne5 17. Nc4 Bg5+ 18. f4 Nxc4 19. fxg5 Ne5 20. gxh6 Rxh6 21. h3 Kd7 22. Kd2 Rah8 23. Rf1 Ke7 24. Ref4 Rh4 25. b3 g6 26. Rf6 Rd4 27. Ke3 Rh7 28. R6f4 Rxf4 29. Rxf4 Rh5 30. Be2 Rh8 31. Kf2 Rh7 32. Ke3 f5 33. Bf1 Nd7 34. g4 fxg4 35. hxg4 Ne5 36. Be2 Rh3+ 37. Kf2 Rh2+ 38. Ke3 Rh3+ 39. Kf2 Rc3 40. Bd1 Rh3 41. Kg2 Rh7 42. Bf3 Rf7 43. Rxf7+ Nxf7 44. Be4 Kf6 45. Kg3 Nh6 46. Bd3 g5 47. Kf3 Ke5 48. Bc4 Kd4 49. a4 b6 50. Kg3 Ke4 51. c3 Ng8 52. Bb5 Nf6 53. c4 Kd3 54. a5 bxa5 55. Kf3 Ne4 56. Ba4 Nc3 57. Bd7 Kc2 58. Ba4 Nxa4 59. bxa4 Kb3 0-1

[Event "EU-Cup (Women) 13th"]
[Site "Kallithea"]
[Date "2008.10.19"]
[Round "3"]
[White "Lian, Marina"]
[Black "Haritopoulou, Maria Anna"]
[Result "1-0"]
[WhiteElo "1869"]
[BlackElo "1688"]
[PlyCount "55"]
[EventDate "2008.10.17"]
[EventType "team-swiss"]
[EventRounds "7"]
[EventCountry "GRE"]
[SourceTitle "CBM 126 Extra"]
[Source "ChessBase"]
[SourceDate "2008.11.05"]
[SourceVersion "1"]
[SourceVersionDate "2008.11.05"]
[SourceQuality "1"]
[WhiteTeam "Herzliya (W)"]
[BlackTeam "Thessaloniki Galaxias (W)"]
[WhiteTeamCountry "ISR"]
[BlackTeamCountry "GRE"]

1. e4 c5 2. Nc3 e6 3. f4 Nc6 4. Nf3 a6 5. d3 d5 6. g3 Nf6 7. e5 Nd7 8. Bh3 Be7 9. 0-0 0-0 10. Kh1 b5 11. a3 Bb7 12. Ne2 Qc7 13. g4 a5 14. Qe1 Kh8 15. Bd2 b4 16. Qg3 Ba6 17. axb4 axb4 18. f5 Ncxe5 19. Bf4 Bd6 20. Rae1 Rfd8 21. fxe6 Nxf3 22. Rxf3 fxe6 23. g5 e5 24. Bd2 e4 25. Rf4 exd3 26. cxd3 Bxf4 27. Nxf4 Ra7 28. Be6 1-0

[Event "EU-Cup (Women) 11th"]
[Site "Fuegen"]
[Date "2006.10.11"]
[Round "4.4"]
[White "Lian, Marina"]
[Black "Kursova, Maria"]
[Result "0-1"]
[WhiteElo "1841"]
[BlackElo "2316"]
[PlyCount "76"]
[EventDate "2006.10.08"]
[EventType "team-swiss"]
[EventRounds "7"]
[EventCountry "AUT"]
[SourceTitle "EXT 2013"]
[Source "ChessBase"]
[SourceDate "2012.11.22"]
[SourceVersion "1"]
[SourceVersionDate "2012.11.22"]
[SourceQuality "1"]
[WhiteTeam "Herzliya (W)"]
[BlackTeam "Krasnoturinsk AVS (W)"]
[WhiteTeamCountry "ISR"]
[BlackTeamCountry "RUS"]

1. e4 c5 2. Nc3 e6 3. f4 a6 4. Nf3 d5 5. d3 Nc6 6. g3 Nf6 7. e5 Nd7 8. Bg2 Be7 9. 0-0 0-0 10. Qe1 b5 11. g4 b4 12. Ne2 a5 13. Qg3 Qc7 14. b3 a4 15. Be3 Ra6 16. Ng5 axb3 17. axb3 Bxg5 18. fxg5 Qxe5 19. Bf4 Qxe2 20. Rac1 Nde5 21. h3 Nxg4 22. hxg4 e5 23. Be3 d4 24. Bf2 Qxg4 25. Qh2 Qxg5 26. Bh4 Qg6 27. Kh1 Bb7 28. Rg1 Qh6 29. Rce1 Nd8 30. Bxb7 Nxb7 31. Rxe5 Re6 32. Reg5 Rg6 33. Qf2 Rxg5 34. Rxg5 f6 35. Rg4 Nd6 36. Qf3 Kh8 37. Kh2 Nf7 38. Qb7 Ne5 0-1